Rembrandt: el trabajo del pintor
Guardat en:
| Autor principal: | |
|---|---|
| Format: | Llibre |
| Idioma: | espanyol |
| Publicat: |
Valencia
Universitat de Valencia
2007
|
| Matèries: | |
| Etiquetes: |
Afegir etiqueta
Sense etiquetes, Sigues el primer a etiquetar aquest registre!
|
MARC
| LEADER | 00000nam a2200000 a 4500 | ||
|---|---|---|---|
| 001 | UCI6908 | ||
| 003 | CL-VaPUC | ||
| 008 | 080530e20070000SP |||||||||||||||||spa|d | ||
| 020 | |a 8437066131 | ||
| 082 | 0 | 4 | |a 751.4 |b WET |2 21 |
| 100 | 0 | |a Wetering, Ernst van de |e author |9 529949 | |
| 245 | 1 | 0 | |a Rembrandt: el trabajo del pintor |
| 300 | |a 339 p | ||
| 942 | |c BK | ||
| 945 | |d 20080530 00:00:00 |a jtorresc | ||
| 260 | |a Valencia |b Universitat de Valencia |c 2007 | ||
| 600 | 0 | |a Rembrandt, Harmenszoon van Rijn |9 331539 | |
| 650 | 0 | |a Pintura |9 265046 | |
| 650 | 0 | |a Estilos artísticos |9 340996 | |
| 650 | 0 | |a Pintores |9 265963 | |
| 650 | 0 | |a Obras de arte |9 337253 | |
| 583 | |a last modification |c 20080530 00:00:00 |k Rodrigo Vera | ||
| 999 | |c 330344 |d 330342 | ||
| 952 | |0 0 |1 0 |4 0 |6 751_400000000000000_WET_2007 |7 0 |8 R |9 415844 |a BIBART |b BIBART |d 2019-11-22 |i 4443861 |l 3 |o 751.4 WET 2007 |p 4443861 |r 2025-03-13 |s 2024-08-19 |w 2019-11-22 |y BK_R |k ART | ||